Statystyki dla Polscy strzelcy goli w Ekstraklasie 23/24

Kliknij tutaj aby rozwiązać quiz!

Ogólne statystyki

  • Ten quiz został rozwiązany 39 razy
    (30 od ostatniego zresetowania)
  • Średni wynik to 10 z 53

Statystyki odpowiedzi

Piłkarz% Poprawnych
Śląsk WrocławPiotr Samiec-Talar
100%
Pogoń SzczecinKamil Grosicki
55%
Lech PoznańFilip Marchwiński
45%
CracoviaMichał Rakoczy
36%
Widzew ŁódźBartłomiej Pawłowski
32%
Jagiellonia BiałystokBartłomiej Wdowik
32%
Lech PoznańFilip Szymczak
32%
Legia WarszawaPaweł Wszołek
32%
Raków CzęstochowaŁukasz Zwoliński
27%
Zagłębie LubinMateusz Wdowiak
27%
Piast GliwicePatryk Dziczek
27%
CracoviaPatryk Makuch
27%
Raków CzęstochowaBartosz Nowak
23%
Warta PoznańMaciej Żurawski
23%
Lech PoznańAlan Czerwiński
18%
Zagłębie LubinBartłomiej Kłudka
18%
Ruch ChorzówDaniel Szczepan
18%
Raków CzęstochowaDawid Drachal
18%
Zagłębie LubinDawid Kurminowski
18%
Jagiellonia BiałystokDominik Marczuk
18%
Zagłębie LubinKacper Chodyna
18%
Warta PoznańKajetan Szmyt
18%
Puszcza NiepołomiceŁukasz Sołowiej
18%
Stal MielecMaciej Domański
18%
Górnik ZabrzeSebastian Musiolik
18%
Puszcza NiepołomiceArtur Siemaszko
14%
Puszcza NiepołomiceMateusz Cholewiak
14%
Piast GliwiceMichał Chrapek
14%
Lech PoznańMichał Gurgul
14%
Puszcza NiepołomiceMichał Walski
14%
CracoviaPaweł Jaroszyński
14%
Ruch ChorzówTomasz Wójtowicz
14%
Zagłębie LubinBartosz Kopacz
9%
Widzew ŁódźErnest Terpiłowski
9%
Legia WarszawaIgor Strzałek
9%
Jagiellonia BiałystokJakub Lewicki
9%
Pogoń SzczecinKacper Smoliński
9%
Pogoń SzczecinMariusz Fornalczyk
9%
Radomiak RadomMateusz Cichocki
9%
Ruch ChorzówMichał Feliks
9%
Stal MielecMichał Trąbka
9%
Widzew ŁódźPatryk Stępiński
9%
Górnik ZabrzeRafał Janicki
9%
Zagłębie LubinTomasz Makowski
9%
Ruch ChorzówTomasz Swędrowski
9%
Jagiellonia BiałystokWojciech Łaski
9%
Śląsk WrocławAleksander Paluszek
5%
Śląsk WrocławMartin Konczkowski
5%
Śląsk WrocławPatryk Szwedzik
5%
Radomiak RadomRafał Wolski
5%
Ruch ChorzówKacper Michalski
0%
Stal MielecŁukasz Gerstenstein
0%
Warta PoznańMateusz Kupczak
0%

Rozkład punktacji

Percentyl według liczby udzielonych odpowiedzi

Procent ludzi z każdym wynikiem

Twoja historia wyników

Nie rozwiązałeś tego quizu od ostatniego zresetowania